000
00291nam a22000977a 4500
008
230828b |||||||| |||| 00| 0 eng d
040
_a
National Science Library
_c
National Science Library
245
_a
Building digest
260
_a
Roorkee:
_b
Central Building Research Institute,
942
_c
CR
999
_c
59823
_d
59823